|
|
|
|
| LEADER |
01328nam a22003374a 4500 |
| 001 |
35849 |
| 003 |
BD-DhAAL |
| 005 |
20211130113838.0 |
| 008 |
190917t2005 caua bf 000 0 eng d |
| 999 |
|
|
|c 41279
|d 41279
|
| 010 |
|
|
|a 2004018163
|
| 020 |
|
|
|a 0761939997 (pbk.)
|
| 020 |
|
|
|a 9780761939993
|
| 040 |
|
|
|a DLC
|c DLC
|d DLC
|d BD-DhAAL
|
| 042 |
|
|
|a pcc
|
| 050 |
0 |
0 |
|a LB1731
|b .T54 2005
|
| 082 |
0 |
0 |
|a 370.7155
|2 22
|
| 100 |
1 |
|
|a Tileston, Donna Walker.
|9 34741
|
| 245 |
1 |
0 |
|a Training manual for What every teacher should know /
|c Donna Walker Tileston.
|
| 260 |
|
|
|a Thousand Oaks, Calif. :
|b Corwin Press,
|c c2005.
|
| 300 |
|
|
|a xix, 169 pages :
|b illustrations ;
|c 28 cm.
|
| 504 |
|
|
|a Includes bibliographical references (page 169).
|
| 526 |
|
|
|a BIED
|
| 541 |
|
|
|a Complimentary copy from BIED
|e 35849
|
| 650 |
|
0 |
|a Teachers
|x In-service training
|v Handbooks, manuals, etc.
|9 34742
|
| 650 |
|
0 |
|a Teaching.
|9 34743
|
| 650 |
|
0 |
|a Education.
|9 34744
|
| 700 |
1 |
|
|a Tileston, Donna Walker.
|t What every teacher should know about--
|9 34745
|
| 852 |
|
|
|a Ayesha Abed Library
|c BIED Collection
|
| 942 |
|
|
|2 ddc
|c BK
|
| 952 |
|
|
|0 0
|1 0
|2 ddc
|4 0
|6 370_715500000000000_TIL
|7 0
|9 66342
|a BRACUL
|b BRACUL
|c GEN
|d 2019-09-17
|e Complimentary copy from BIED
|l 0
|o 370.7155 TIL
|p 3010035849
|r 2019-09-17
|t 1
|w 2019-09-17
|y BK
|x Transferred from BIED to General Stacks
|